| 000 | 00599cam a2200253 4500 | ||
|---|---|---|---|
| 001 | B1036 | ||
| 008 | 090401t1981 xxu||||| |||| 00| 0 eng d | ||
| 035 | _a(Sirsi) u42302 | ||
| 041 | _aeng | ||
| 050 | _a333.3309421 | ||
| 100 | _aLangton, Robert S | ||
| 245 | _aDevelopment in London 1967-1980 | ||
| 260 |
_aLondon _bBernard Thorpe and Partners _c1981 |
||
| 300 | _a40p. : ill. ; 30cm. | ||
| 350 | _a0 | ||
| 650 | _aEALING | ||
| 650 | _aINDUSTRIAL PROPERTY | ||
| 650 | _aLEWISHAM | ||
| 650 | _aOFFICES | ||
| 650 | _aSHOPS | ||
| 650 | _aVICTORIA | ||
| 942 | _n0 | ||
| 948 | _c04/03/1997 | ||
| 999 |
_c91065 _d91065 |
||